| 000 | 00491nam a2200181Ia 4500 | ||
|---|---|---|---|
| 003 | GCL | ||
| 008 | 140319s9999 xx 000 0 eng d | ||
| 040 |
_aGCL / _cGCL |
||
| 082 | 0 | 4 |
_a370.1524 _bS T |
| 100 | 1 | _aSODEN, REBECCA | |
| 245 | 1 | 0 |
_aTeaching Problem Solving in Vocational Education / _cSODEN, REBECCA |
| 260 |
_a[S.N] : _bROUTLEDGE ، _c1994 |
||
| 300 | _a199 p | ||
| 650 | 0 | 4 | _aTHOUGHT - THINKING |
| 650 | 0 | 4 | _aSTUDY AND TEACHING |
| 650 | 0 | 4 | _aPROBLEM SOLVING |
| 942 |
_2ddc _cBK |
||
| 999 |
_c17632 _d17632 |
||